[Event "Satka Magnezit Group Cup"]
[Site "Satka"]
[Date "2024.08.31"]
[Round "4"]
[White "Demchenko, Maksim Dm"]
[Black "Vorobiov, Evgeny E"]
[Result "1/2-1/2"]
[WhiteElo "2018"]
[BlackElo "2409"]
[PlyCount "70"]
[EventDate "2024.08.28"]
[EventType "swiss"]
[EventRounds "9"]
[EventCountry "RUS"]
[SourceTitle "EXT 2025"]
[Source "ChessBase"]
[SourceDate "2024.10.14"]
[SourceVersion "1"]
[SourceVersionDate "2024.10.14"]
[SourceQuality "1"]

1. e4 c5 2. Nf3 e6 3. d4 cxd4 4. Nxd4 Nc6 5. Nc3 Qc7 6. g3 a6 7. Bg2 Nf6 8. 0-0 Nxd4 9. Qxd4 Bc5 10. Bf4 d6 11. Qd2 h6 12. Rad1 e5 13. Be3 Be6 14. Bxc5 dxc5 15. Nd5 Bxd5 16. exd5 Qd6 17. a4 0-0 18. a5 Rab8 19. Rfe1 Rfe8 20. b3 e4 21. Re2 b6 22. axb6 Rxb6 23. Rde1 Rb4 24. c4 Rxb3 25. Bxe4 Kf8 26. Bc2 Rxe2 27. Qxe2 Rb7 28. Ra1 Re7 29. Qd2 Rb7 30. Qa5 Rb2 31. Bd3 Rb6 32. Qd2 Qe5 33. Qa5 Qd6 34. Qd2 Qe5 35. Qa5 Qd6 1/2-1/2

[Event "Satka Magnezit Group Cup"]
[Site "Satka"]
[Date "2024.08.30"]
[Round "3"]
[White "Odegov, Artem"]
[Black "Demchenko, Maksim Dm"]
[Result "1/2-1/2"]
[WhiteElo "2261"]
[BlackElo "2018"]
[PlyCount "68"]
[EventDate "2024.08.28"]
[EventType "swiss"]
[EventRounds "9"]
[EventCountry "RUS"]
[SourceTitle "EXT 2025"]
[Source "ChessBase"]
[SourceDate "2024.10.14"]
[SourceVersion "1"]
[SourceVersionDate "2024.10.14"]
[SourceQuality "1"]

1. d4 d5 2. Nf3 Nf6 3. c4 c6 4. Nc3 e6 5. g3 dxc4 6. Ne5 b5 7. Bg2 a6 8. 0-0 Bb7 9. b3 cxb3 10. axb3 Be7 11. Bb2 0-0 12. Qc2 Nbd7 13. Nd3 Nd5 14. Rfc1 Nb4 15. Nxb4 Bxb4 16. Ne4 Qe7 17. h4 h6 18. Rd1 Rac8 19. Rac1 a5 20. Bc3 Ra8 21. Nc5 Bxc3 22. Nxb7 b4 23. Bxc6 Ra7 24. Bxd7 Rxb7 25. Bc6 Rb6 26. d5 e5 27. Qf5 Rd8 28. h5 Rbb8 29. Qe4 Rd6 30. Kg2 Rf8 31. Qf5 Rf6 32. Qe4 Rd6 33. Qf5 Rf6 34. Qe4 Rd6 1/2-1/2